Prowincje rzymskie (z mapą) - Statystyki

Ogólne statystyki
  • Ten quiz został rozwiązany 213 razy
    209 od ostatniego zresetowania
  • Średni wynik to 12 z 47
Odpowiedzi na mapie
Odpowiedzi zakodowano w zielono-czerwonej skali na mapie do tego quizu, zgodnie z poniższymi procentami.
 
Statystyki odpowiedzi
Stolica Prowincja % Poprawnych
Roma (Rzym) Italia
85%
Londinium (Londyn) Brytania
76%
Syracusae (Syrakuzy) Sycylia
70%
Aleksandria Egipt
68%
Ulpia Traiana (Sarmizegetusa) Dacja
56%
Pafos Cypr
53%
Heraclea Perinthus (Marmaraereğlisi) Tracja
52%
Antioch (Antiochia) Syria
51%
Carthago (Kartagina) Afryka
50%
Thessalonica (Saloniki) Macedonia
50%
Salona (Solin) Dalmacja
46%
Caesarea Marítima (Cezarea) Judea
44%
Babylon (Babilon) Mezopotamia
44%
Artashat (Artaszat) Armenia
42%
Buthrotum (Butrint) Epir
35%
Efez Azja
33%
Caesarea (Kayseri) Kapadocja
29%
Corinthus (Korynt) Achaja
27%
Tars Cylicja
19%
Colonia (Kolonia) Germania Dolna
19%
Mogontiacum (Licja i Pamfilia) Germania Górna
19%
Carales (Kaligari) Korsyka i Sardynia
19%
Emerita Augusta (Mérida) Luzytania
19%
Augusta Vindelicorum (Augsburg) Recja
19%
Ancyra (Ankara) Galacja
18%
Tomis (Konstanca) Mezja Dolna
16%
Naissus (Nisz) Mezja Górna
16%
Virunum Noricum
16%
Ctesiphon (Ktezyfon) Asyria
15%
Aquincum (Budapeszt) Panonia Dolna
15%
Carnuntum (Petronell-Carnuntum) Panonia Górna
15%
Narbo (Narbona) Galia Narbońska
14%
Nicomedia (Izmir) Bitynia i Pont
12%
Durocortorum (Reims) Gallia Belgica
10%
Lugdunum (Lyon) Galia Lugduńska
9%
Cemenelum (Cimiez) Alpy Nadmorskie
8%
Corduba (Kordoba) Betyka
7%
Tarraco (Tarragona) Hiszpania Tarrakońska
7%
Panticapaeum (Kerch) Królestwo Bosporańskie
6%
Attalia (Antalya) Licja i Pamfilia
6%
Caesarea (Szarszal) Mauretania Cezarejska
5%
Octodurum (Martigny) Alpy Pennińskie
4%
Tingis (Tanger) Mauretania Tingitańska
4%
Segusio (Susa) Alpy Kotyjskie
3%
Petra Arabia Petraea
3%
Gortyna Kreta i Cyrenaika
3%
Burdigala (Bordeaux) Galia Akwitanii
2%
Nie znaleziono quizów pasujących do podanych kryteriów
Rozkład punktacji
Procent ludzi z każdym wynikiem
Percentyl według liczby udzielonych odpowiedzi
Twoja historia wyników
Nie rozwiązałeś tego quizu od ostatniego zresetowania